| 000 | 01011cam a22002771 4500 | ||
|---|---|---|---|
| 001 | sa 68002074 | ||
| 003 | DLC | ||
| 005 | 20260227112439.0 | ||
| 008 | 710903s1967 ii ab b 100 0 eng | ||
| 010 | _asa 68002074 | ||
| 015 | _aPL480:I-E-9546 | ||
| 040 |
_aDLC _cDLC _dDLC |
||
| 043 | _aa-ii--- | ||
| 050 | 0 | 0 |
_aHB3639 _b.A55 1964 |
| 082 | 0 | 0 | _a301.3/29/54 |
| 111 | 2 |
_aAll India Seminar on Inter-State and Intra-State Variations in Population Growth Rates and Characteristics, _b2d, _cInstitute of Economic Growth, _d1964. |
|
| 245 | 0 | 0 |
_aPatterns of population change in India, 1951-61; _b[proceedings and papers]. _cEdited by Ashish Bose. |
| 260 |
_aBombay, _aNew York, _bAllied Publishers _c[1967] |
||
| 300 |
_ali, 403 p. _billus., maps (part fold.) _c23 cm. |
||
| 350 | _aRs30 | ||
| 500 | _aOrganized by the Institute of Economic Growth. | ||
| 504 | _aBibliographical footnotes. | ||
| 651 | 0 |
_aIndia _xPopulation. |
|
| 710 | 2 | _aInstitute of Economic Growth (India) | |
| 700 | 1 |
_aBose, Ashish, _eed. |
|
| 999 |
_c78437 _d78437 |
||